Teorija i metody issledovanija nestacionarnych linejnych sistem /
Salvato in:
| Autore principale: | |
|---|---|
| Natura: | Libro |
| Lingua: | russo |
| Pubblicazione: |
Moskva :
Nauka,
1986
|
| Serie: | Teoretičeskije osnovy techničeskoj kibernetiki
|
| Tags: |
Nessun Tag, puoi essere il primo ad aggiungerne!!
|
MARC
| LEADER | 00000nam a22000003a 4500 | ||
|---|---|---|---|
| 001 | stu709 | ||
| 005 | 20150617225618.6 | ||
| 008 | 910614s1986----xxr-----------------rus-d | ||
| 040 | |a STU |b slo | ||
| 041 | 0 | |a rus | |
| 044 | |a xxr | ||
| 080 | |a 681.511.2.01 | ||
| 100 | 1 | |a Michajlov, Fedor Andrejevič |4 aut | |
| 245 | 1 | |a Teorija i metody issledovanija nestacionarnych linejnych sistem / |c [aut.] Michajlov,F.A | |
| 260 | |a Moskva : |b Nauka, |c 1986 | ||
| 300 | |a 319 s | ||
| 830 | 0 | |a Teoretičeskije osnovy techničeskoj kibernetiki | |
| 996 | |b E62690 |c E*62690 |l EE03 |s P |a 0 |w stu709_0002 | ||